Регионална библиотека "Любен Каравелов" - Русе

Kapt'n Blaubars Lugengeschichten (Запис номер 49481)

MARC детайли
000 -Лидер
Контролно поле с фиксирана дължина 00830nam a2200265 c 4500
003 - Код на организацията, давaща контролен номер
Контролно поле BLK
005 - Дата и час на последна редакция
Контролно поле 20180420222008.0
008 - Елементи от данни с фиксирана дължина
fixed length control field 180408b bul|||||r ||||||| ||bul||
010 ## - Наследен системен номер
LC control number KNG00053336000
020 ## - Международен стандартен номер на книга ISBN
Международен стандартен номер на книга ISBN 3-473-34648-9
-- издат.: Ravensburger Buchverlag
040 ## - Източник на каталожния запис
Идентификатор на билиотеката - собственик на записа BLK
041 ## - Код за език
Код за езика на текст/звукозапис или на отделно заглавие Немски
Код за езика КДБФ Немски
080 ## - УДК
Текстов определител УДК Немска литература
УДК код - определител по УДК 821.112.2
УДК определител -93-32
УДК - код + определител 821.112.2-93-32
100 1# - Редна дума - Автор
Автор Lassahn, Bernhard
Авторска отговорност първи автор
R(LIN) 16545
139 ## - Редно поле
Редна дума Lassahn, Bernhard
Авторски знак
245 10 - Сведения за заглавието
Заглавие Kapt'n Blaubars Lugengeschichten
Редно поле (дума) Bernhard Lassahn.
260 ## - Област на издателските данни
-- Ravensburg
Име на издателя, разпространителя и проч. Ravensburger Buchverlag
Година на издаване 1995
300 ## - Физическа характеристика
Страници 128 c.
Илюстрации и др. с ил.
Размери/Мащаб 21 cm
380 ## - Жанр
Жанр Литературознание
852 ## - Местоположение
Форматна сигнатура Цб 193440
856 4# - Електронен адрес и достъп
Електронен формат pdf - файл
Път до файла /url/
856 4# - Електронен адрес и достъп
Електронен формат pdf - файл
Път до файла /url/
942 ## - АРТИКУЛИ
Вид на библиотечния материал Книги
Скрит в OPAC Не
944 ## - СЪЗДАВАНЕ И РЕДАКЦИЯ на ЗАПИСА
Създаване/Редакция Създаване
Дата на регистрацията/редакция 01.01.1999
Служител, извършил регистрацията/редакцията AB_DOS
944 ## - СЪЗДАВАНЕ И РЕДАКЦИЯ на ЗАПИСА
Създаване/Редакция Редакция
Дата на регистрацията/редакция 07.02.2017
Служител, извършил регистрацията/редакцията Лили_Борисова
999 ## - СИСТЕМНИ КОНТРОЛНИ НОМЕРА
Koha biblionumber 49481
Koha biblioitemnumber 49481
Наличности
Код за отписване Код за изгубен артикул Източник на класификационната схема Код за повреда Коз за рестрикции Код за отдаване Артикулен № Име на библиотеката - собственик Име на библиотеката, в която се намира в момента Статус (Текущо местоположение) Дата на вписване в системата Местоположение - отдел Цена в лева Инвентарен номер Систематично азбучна сигнатура Баркод Номер на екземпляра Цена в евро Служебна бележка Служебен тип на артикула
  Не е изгубен Universal Decimal Classification Не е повреден без рестрикции заемане за дома 77447 Регионална библиотека "Любен Каравелов" Русе Регионална библиотека "Любен Каравелов" Русе ЧЧЗО - нем. ез. - Гьоте инст. 2002-01-01 ЧЧЗО - нем. ез. - Гьоте инст. 12.00 120000904406 Ч5 830-93/L 35 120000904406 1 6.14 Дост: Da Дата: 01.01.1995 Книги
Vip Innovations Ltd, Rousse, Bulgaria 2025